00483nam a2200181Ia 4500003000400000008004100004040001600045082001600061100001600077245003400093700001800127700001900145260004800164300002400212650002600236650002000262650001900282GCL140319s9999 xx 000 0 eng d aGCL / cGCL04aAb759bD M1 aWILD, DORIS10aMARGO VEILLON / cWILD, DORIS1 aDAILLIE, RENE1 aRIBELLES, BLAS a[S.N] : bMARGO VEILLON ET CLAUDE ، c1987 a163 P P ؛ c30 cm.04aDRAWING HUMAN FIGURES04aDECORATIVE ARTS04aDRAWING PLANTS